01244nam a22003134a 4500001001200000003000800012006001900020007001500039008004100054020002200095020001500117040002100132035002000153050002400173100003700197245007900234260006500313300001100378490004100389504006600430533015200496650002000648650003100668655002900699710001700728830004200745856012600787999001700913ebr10080990CaPaEBRm u cr cn|||||||||020611s2003 enk sb 001 0 eng  z0761961941 (pbk.) z0761961933 aCaPaEBRcCaPaEBR a(OCoLC)7077421414aBF173b.S569 2003eb1 aSmith, David Livingstone,d1953-10aPsychoanalysis in focush[electronic resource] /cDavid Livingstone Smith. aLondon ;aThousand Oaks, Calif. :bSAGE Publications,c2003. a157 p.1 aCounselling & psychotherapy in focus aIncludes bibliographical references (p. [144]-152) and index. aElectronic reproduction.bPalo Alto, Calif. :cebrary,d2013.nAvailable via World Wide Web.nAccess may be limited to ebrary affiliated libraries. 0aPsychoanalysis. 0aPsychoanalytic counseling. 7aElectronic books.2local2 aebrary, Inc. 0aCounselling & psychotherapy in focus.40uhttp://site.ebrary.com/lib/rucke/Doc?id=10080990zAn electronic book accessible through the World Wide Web; click to view c55590d55590